000 00434nam a2200157Ia 4500
008 230917s9999||||xx |||||||||||||| ||und||
020 _cPOU8.5
040 _e8981
_aMAIN
041 _aEnglish
082 _a327.112 C694I
100 _aCollins, John M
245 0 _aImbalance of power: an analysis of shifting US-Soviet military strengths
260 _aLondon
_bMacdonald and Jane's
_c1978
300 _axxxv, 316 p.
942 _cBK
999 _c211166
_d211166